000 00606nam a2200229Ia 4500
003 OSt
005 20220918202402.0
006 a|||||r|||| 00| 0
007 ta
008 220917b |||||||| |||| 00| 0 eng d
024 _a100,832
037 _cTextual
040 _aARTS
_cARTS
_beng
041 _2eng
_aeng
082 _aV2(W6),4.N7, M8
100 _aSomarajan C N
_9103486
245 0 _aPressure groups and democratic politics
260 _aN.SD
_bDeep And deep
_c1988
650 _aHISTORY
942 _hV2(W6),4.N7, M8
_cTEXL
_2CC
999 _c224350
_d224350